000 00496nam a2200181Ia 4500
005 20250326143851.0
008 250326s9999 xx 000 0 und d
037 _aTextbook
040 _aFMSL
_beng
_cFMSL
041 _aeng
_2eng
084 _aB28ob:8 K9
_qFMSL
100 _aLewis T W
_9266184
245 0 _aManaging with statistics
_cLewis T W; Fox R A
260 _aUSA
_bUSA, Oliver & Boyd
_c1969
300 _a418p
942 _cTB
_hB28ob:8 K9
999 _c1301402
_d1301402